Климат СССР: учебное пособие

Dades bibliogràfiques
Autor principal: Алисов Б. П. Борис Павлович
Idioma:rus
Publicat: Москва, Изд-во Московского ун-та, 1956
Matèries:
Format: MixedMaterials Llibre
KOHA link:https://koha.lib.tpu.ru/cgi-bin/koha/opac-detail.pl?biblionumber=156903

MARC

LEADER 00000nam0a2200000 4500
001 156903
005 20231031153434.0
035 |a (RuTPU)RU\TPU\book\170155 
090 |a 156903 
100 |a 20090331d1956 m y0rusy50 ca 
101 0 |a rus 
102 |a RU 
105 |a abf j 001zy 
200 1 |a Климат СССР  |e учебное пособие  |f Б. П. Алисов 
210 |a Москва  |c Изд-во Московского ун-та  |d 1956 
215 |a 128 с.  |c ил.  |e 10 отд. л. 
320 |a Библиография в конце книги. 
610 1 |a климат 
610 1 |a СССР 
610 1 |a учебные пособия 
675 |a 551.56(075.8)  |v 3 
700 1 |a Алисов  |b Б. П.  |g Борис Павлович 
801 1 |a RU  |b 63413507  |c 20090331  |g PSBO 
801 2 |a RU  |b 63413507  |c 20150217  |g PSBO 
942 |c BK